00627nam a22001697a 450000500170000001000130001702000260003003500110005603700160006708200110008310000330009424501100012724600710023726000490030827000770035730000230043420191125174746.0 aUR-10618 c300.00a9789389002546 aU-9173 bDBAD/PUBa- a440.83 aمحمد نز ر ا شر ف  aبہا ر:ا ر د و ا فسا نے کا مو ضو عا تی گلز ا ر cمحمد نز ر ا شر ف  bBihar Urdu Afsane ka Mouzuati Gulzar (Urdu)aby Dr. Nazar Ashraf aDelhibEducational Publishing Housec2019 ء a3191,Vakil Street, Kucha Pandit,Lal Kuan,bDelhie110006k01123216162l- a272 ص c22 Cm(Hb)